Normal view
MARC view
- Women physicians
Entry Topical Term
001 - CONTROL NUMBER
- control field: 11122
003 - CONTROL NUMBER IDENTIFIER
- control field: NUST
005 - DATE AND TIME OF LATEST TRANSACTION
- control field: 20180611035902.0
008 - FIXED-LENGTH DATA ELEMENTS
- fixed length control field: 180611|| aca||aabn | a|a d
040 ## - CATALOGING SOURCE
- Original cataloging agency: NUST
- Transcribing agency: NUST
150 ## - HEADING--TOPICAL TERM
- Topical term or geographic name entry element: Women physicians
- Form subdivision: Fiction.
670 ## - SOURCE DATA FOUND
- Source citation: Work cat.: (NUST)174428: Cornwell, Patricia Daniels. 11118, Postmortem /, 1990.
